000 00563nam a2200205Ia 4500
005 20250508164513.0
008 008 250505s9999 xx 000 0 eng d
037 _aTextual
040 _aFEDL
_beng
_cFEDL
041 _aeng
_2eng
084 _a341.23, POL
_qFEDL
100 _aPollard Michael
245 0 _aUnited Nations
260 _aHyderabad, India
_bOrient Longman Limited
_c1996
300 _a64p.
365 _aINR
_b55
650 _aUnited Nations Organisations
_9778314
942 _cTEXL
_h341.23, POL
999 _c1389464
_d1389464